Statistiques concernant Personnage mystère #38

Cliquez ici pour prendre le quiz!

Statistiques générales

  • Ce quiz a été pris 183 fois
  • Le résultat moyen est 4 sur 7

Statistiques - réponses

LettresIndices% Correct
ZENNez
100%
RISOCERSorcier
69%
PENERTSSerpent
61%
BRÉÈNTESTénèbres
61%
DENRAUXEGDangereux
58%
COXUHERRHorcruxe
44%
Nom du personnageTom Jedusor
44%

Distribution des résultats

Percentile par nombre de réponses

% des personnes avec chaque résultat

Votre développement - résultats

Vous n’avez pas pris ce quiz